<?xml version="1.0" encoding="UTF-8"?><?xml-stylesheet type="text/xsl" href="static/style.xsl"?><OAI-PMH xmlns="http://www.openarchives.org/OAI/2.0/" xmlns:xsi="http://www.w3.org/2001/XMLSchema-instance" xsi:schemaLocation="http://www.openarchives.org/OAI/2.0/ http://www.openarchives.org/OAI/2.0/OAI-PMH.xsd"><responseDate>2026-06-05T15:31:00Z</responseDate><request verb="GetRecord" identifier="oai:riuma.uma.es:10630/24792" metadataPrefix="marc">https://riuma.uma.es/rest/oai/request</request><GetRecord><record><header><identifier>oai:riuma.uma.es:10630/24792</identifier><datestamp>2026-02-03T11:48:05Z</datestamp><setSpec>com_10630_2254</setSpec><setSpec>col_10630_37959</setSpec></header><metadata><record xmlns="http://www.loc.gov/MARC21/slim" xmlns:dcterms="http://purl.org/dc/terms/" xmlns:doc="http://www.lyncode.com/xoai" xmlns:xsi="http://www.w3.org/2001/XMLSchema-instance" xsi:schemaLocation="http://www.loc.gov/MARC21/slim http://www.loc.gov/standards/marcxml/schema/MARC21slim.xsd">
   <leader>00925njm 22002777a 4500</leader>
   <datafield ind2=" " ind1=" " tag="042">
      <subfield code="a">dc</subfield>
   </datafield>
   <datafield ind2=" " ind1=" " tag="720">
      <subfield code="a">Nieto-Quero, Andrea</subfield>
      <subfield code="e">author</subfield>
   </datafield>
   <datafield ind2=" " ind1=" " tag="720">
      <subfield code="a">Chaves-Peña, Patricia</subfield>
      <subfield code="e">author</subfield>
   </datafield>
   <datafield ind2=" " ind1=" " tag="720">
      <subfield code="a">Infantes-López, M. Inmaculada</subfield>
      <subfield code="e">author</subfield>
   </datafield>
   <datafield ind2=" " ind1=" " tag="720">
      <subfield code="a">Zambrana-Infantes, Emma</subfield>
      <subfield code="e">author</subfield>
   </datafield>
   <datafield ind2=" " ind1=" " tag="720">
      <subfield code="a">Tabbai-Amal, Sara</subfield>
      <subfield code="e">author</subfield>
   </datafield>
   <datafield ind2=" " ind1=" " tag="720">
      <subfield code="a">Muñoz-Martín, José</subfield>
      <subfield code="e">author</subfield>
   </datafield>
   <datafield ind2=" " ind1=" " tag="720">
      <subfield code="a">Pérez-Martín, Margarita</subfield>
      <subfield code="e">author</subfield>
   </datafield>
   <datafield ind2=" " ind1=" " tag="720">
      <subfield code="a">Pedraza-Benítez, María del Carmen</subfield>
      <subfield code="e">author</subfield>
   </datafield>
   <datafield ind2=" " ind1=" " tag="260">
      <subfield code="c">2022</subfield>
   </datafield>
   <datafield ind2=" " ind1=" " tag="520">
      <subfield code="a">Among all the factors that can contribute to the onset of psychopathological disorders,&#xd;
stress is the main environmental factor. The hippocampus is one of the most sensitive&#xd;
regions to the harmful effects of stress, in which the neurogenic process is impaired. On&#xd;
the other hand, under stress situations, microglia are also affected and can trigger a&#xd;
proinflammatory response, acting as anti-neurogenic cells and releasing cytokines and&#xd;
other proinflammatory molecules. Knowing what happens in the early stages of stress&#xd;
may be relevant to investigate the temporal aspects of the development of stressassociated&#xd;
psychopathological disorders, and even their possible treatment. Therefore,&#xd;
after subjecting C57BL/6J mice for 2 hours to an acute and intense stress procedure called&#xd;
WIRS (water immersion restraint stress), data were analyzed to study microglia, cell&#xd;
proliferation and neuronal maturation. In addition, a mediation analysis study was&#xd;
conducted for data integration. The results revealed that the applied acute stress is&#xd;
sufficiently intense to induce an increase in the number of microglia, accompanied by&#xd;
morphometric changes, as well as negatively affecting the neuronal maturational process.&#xd;
Furthermore, these data suggest that effects on the neurogenic process mediate the&#xd;
microglial response to an intense acute stressor. This leads to the conclusion that this may&#xd;
be the initial mechanism for any intense stress response, or may even be the first steps in&#xd;
the development of the response to a chronic stressor.</subfield>
   </datafield>
   <datafield ind1="8" ind2=" " tag="024">
      <subfield code="a">https://hdl.handle.net/10630/24792</subfield>
   </datafield>
   <datafield tag="653" ind2=" " ind1=" ">
      <subfield code="a">Neurobiología del desarrollo</subfield>
   </datafield>
   <datafield tag="653" ind2=" " ind1=" ">
      <subfield code="a">Microglia</subfield>
   </datafield>
   <datafield tag="653" ind2=" " ind1=" ">
      <subfield code="a">Estrés (Fisiología)</subfield>
   </datafield>
   <datafield ind2="0" ind1="0" tag="245">
      <subfield code="a">Acute psychological stress: effects on hippocampal neurogenesis and the role of microglia</subfield>
   </datafield>
</record>
</metadata></record></GetRecord></OAI-PMH>